00469 2200181 4500001002100000005001500021008004100036020001800077035001900095041000700114082001000121090001600131100001900147245003200166260003500198300003300233650002100266INLIS00000000000664120241224113326241224||||||||| | ||| |||| || |  a979-489-132-0 0010-1224006641 aid0 a630.5 a630.5 TIM b0 aTim Penulis PS00aBawang Putih Dataran Rendah aJakartabPenebar Swadayac2001 a20,5x14,5 cm, viii, 74 hlm.; 0aTanaman dan Buah